| 000 | 00868nam1a2200289 i 4500 | ||
|---|---|---|---|
| 001 | RU\NLR\bibl\164667 | ||
| 005 | 20240920085820.0 | ||
| 035 | _a(NLR Aleph) 000161511 | ||
| 090 |
_a929041 _c929041 |
||
| 100 | _a20010622g20009999u y0rusy50 ca | ||
| 101 | 0 | _arus | |
| 102 | _aRU | ||
| 105 | _aa ||||||||| | ||
| 200 | 1 |
_aИстория искусства всех времен и народов _fКарл Верман |
|
| 210 |
_aМ. _cАСТ _d2000 |
||
| 215 | _d22 | ||
| 463 | 0 | _1001158569 | |
| 463 | 0 | _1001158570 | |
| 463 | 0 | _1001254275 | |
| 606 | 0 |
_aИзобразительное искусство _xИстория _92079294 _3RU\NLR\auth\661255171 |
|
| 686 | _aЩ103(0) | ||
| 700 | 1 |
_aВерман _bК. _gКарл _4070 |
|
| 801 | 0 |
_aRU _bNLR _c20010622 _gPSBO |
|
| 801 | 1 |
_aRU _bNLR _c20010622 |
|
| 852 |
_aNLR _j2001-5/1379 |
||
| 942 | _cBOOK | ||